=LDR 00000nam 2200000 4500 =001 INLIS000000000059415 =005 20211112085407 =035 ##$$a 0010-1121000152 =007 ta =008 211112###########################0#ind## =020 ##$$a 978-602-8470-00-1 =082 ##$$a 153.9 =084 ##$$a 153.9 Mar r =245 1#$$a Rahasia Menciptakan Cara Berpikir Cerdas /$c Margaret Dianne, Ph.D =300 ##$$a 362 halaman ; $c 20 cm =650 #4$$a Kecerdasan =264 ##$$a jakarta :$b Pustaka Raya,$c 2009 =336 ##$$a teks$2 rdacontent =337 ##$$a lain-lain$2 rdamedia =338 ##$$a lain-lain$2 rdacarrier =990 ##$$a 28542854